[Event "21st European Teams"]
[Site "Hersonissos GRE"]
[Date "2017.10.29"]
[Round "2.12"]
[Board "2"]
[White "Bluebaum, Matthias"]
[Black "Markos, Jan"]
[Result "1/2-1/2"]
[WhiteTitle "GM"]
[BlackTitle "GM"]
[WhiteElo "2643"]
[BlackElo "2559"]
[WhiteTeam "Germany"]
[BlackTeam "Slovakia"]
[WhiteFideId "24651516"]
[BlackFideId "14903474"]
[EventDate "2017.10.28"]

1. d4 Nf6 2. c4 g6 3. Nc3 Bg7 4. e4 O-O 5. Be2 d6 6. Be3 e5 7. d5 Na6 8. h4 Nc5
9. Qc2 c6 10. h5 cxd5 11. cxd5 Qa5 12. Bd2 Nxh5 13. a3 Qb6 14. b4 Nd7 15. Bxh5
gxh5 16. Rxh5 Nf6 17. Rh4 Ng4 18. Nh3 f5 19. Qd1 Qd4 20. Qe2 fxe4 21. Rc1 h5 22.
Nb5 Qd3 23. Nxd6 Qxd5 24. Nxe4 Bf5 25. Nhg5 Rac8 26. Rxc8 Rxc8 27. f3 Nf6 28.
Nxf6+ Bxf6 29. Rxh5 Rc4 30. Nh3 Bg6 31. Rh6 Kg7 32. Nf2 Rc2 33. Ne4 Bxe4 1/2-1/2

[Event "21st European Teams"]
[Site "Hersonissos GRE"]
[Date "2017.10.29"]
[Round "2.12"]
[Board "3"]
[White "Repka, Christopher"]
[Black "Fridman, Daniel"]
[Result "0-1"]
[WhiteTitle "IM"]
[BlackTitle "GM"]
[WhiteElo "2470"]
[BlackElo "2626"]
[WhiteTeam "Slovakia"]
[BlackTeam "Germany"]
[WhiteFideId "14918781"]
[BlackFideId "11600454"]
[EventDate "2017.10.28"]

1. d4 d5 2. c4 e6 3. Nc3 Nf6 4. Bf4 Be7 5. e3 O-O 6. Nf3 c5 7. dxc5 Bxc5 8. a3
Nc6 9. Qc2 Re8 10. Rd1 e5 11. Bg5 d4 12. Nd5 Be7 13. Bxf6 Bxf6 14. Bd3 g6 15.
O-O Bg7 16. e4 Bg4 17. Be2 Rc8 18. Ne1 Bxe2 19. Qxe2 Na5 20. Rc1 b5 21. c5 Nb3
22. Rc2 Rxc5 23. Rxc5 Nxc5 24. b4 Nxe4 25. Qxe4 Re6 26. f4 f5 27. Qf3 e4 28. Qb3
Kh8 29. Nc7 Rc6 30. Nxb5 a6 31. Nf3 exf3 32. Qxf3 Rf6 33. Na7 Qc7 0-1

[Event "21st European Teams"]
[Site "Hersonissos GRE"]
[Date "2017.10.29"]
[Round "2.12"]
[Board "4"]
[White "Svane, Rasmus"]
[Black "Mazur, Stefan"]
[Result "1-0"]
[WhiteTitle "GM"]
[BlackTitle "IM"]
[WhiteElo "2595"]
[BlackElo "2460"]
[WhiteTeam "Germany"]
[BlackTeam "Slovakia"]
[WhiteFideId "4657101"]
[BlackFideId "14909332"]
[EventDate "2017.10.28"]

1. d4 Nf6 2. c4 g6 3. Nc3 Bg7 4. e4 d6 5. Be2 O-O 6. Be3 Nc6 7. d5 Ne5 8. Nf3
Nfg4 9. Bg5 h6 10. Nxe5 Nxe5 11. Be3 c5 12. Qd2 Kh7 13. f4 Nd7 14. O-O Nf6 15.
h3 b5 16. cxb5 a6 17. a4 Qa5 18. Qc2 axb5 19. Bxb5 Ba6 20. e5 Ne8 21. f5 Bxb5
22. Nxb5 Nc7 23. f6 exf6 24. exf6 Bh8 25. Bd2 Qb6 26. Nxc7 Qxc7 27. Qc4 Qb7 28.
Bc3 Qa6 29. Qxa6 Rxa6 30. h4 Re8 31. a5 Re4 32. Rae1 Rc4 33. Re7 Kg8 34. Re8+
Kh7 35. Re7 Kg8 36. Rd7 h5 37. Re1 1-0

[Event "21st European Teams"]
[Site "Hersonissos GRE"]
[Date "2017.10.29"]
[Round "2.13"]
[Board "2"]
[White "Shengelia, David"]
[Black "Naiditsch, Arkadij"]
[Result "0-1"]
[WhiteTitle "GM"]
[BlackTitle "GM"]
[WhiteElo "2556"]
[BlackElo "2702"]
[WhiteTeam "Austria"]
[BlackTeam "Azerbaijan"]
[WhiteFideId "13601270"]
[BlackFideId "4650891"]
[EventDate "2017.10.28"]

1. d4 Nf6 2. c4 e6 3. Nc3 Bb4 4. e3 O-O 5. Nf3 c5 6. Bd3 b6 7. O-O Bb7 8. Na4
cxd4 9. exd4 Re8 10. a3 Bf8 11. Re1 h6 12. b4 a5 13. b5 d6 14. h3 Nbd7 15. Be3
Rc8 16. Rc1 e5 17. dxe5 dxe5 18. Bf5 Bxa3 19. Ra1 Bb4 20. Nxb6 Nxb6 21. Qxd8
Rcxd8 22. Bxb6 Bxe1 23. Bxd8 Bc3 24. Rc1 e4 25. Rxc3 exf3 26. Bb6 g6 27. Bc2
Re1+ 28. Kh2 fxg2 29. f3 a4 30. Bxa4 g1=Q+ 31. Bxg1 Re2+ 32. Bf2 Rxf2+ 33. Kg1
Ra2 34. Bc2 Kf8 35. c5 Nd5 36. c6 Bc8 37. Rc5 Nb6 38. c7 Ke7 39. Be4 Rb2 40. h4
h5 41. Bd3 Bd7 42. f4 Kd6 43. Rg5 Rb3 0-1

[Event "21st European Teams"]
[Site "Hersonissos GRE"]
[Date "2017.10.29"]
[Round "2.13"]
[Board "3"]
[White "Mamedov, Rauf"]
[Black "Dragnev, Valentin"]
[Result "1-0"]
[WhiteTitle "GM"]
[BlackTitle "IM"]
[WhiteElo "2678"]
[BlackElo "2466"]
[WhiteTeam "Azerbaijan"]
[BlackTeam "Austria"]
[WhiteFideId "13401653"]
[BlackFideId "1634852"]
[EventDate "2017.10.28"]

1. e4 e5 2. Nf3 Nc6 3. Nc3 Nf6 4. a3 Bc5 5. Nxe5 Nxe5 6. d4 Bd6 7. dxe5 Bxe5 8.
Nb5 c6 9. Nd6+ Bxd6 10. Qxd6 Nxe4 11. Qe5+ Qe7 12. Qxg7 Nf6+ 13. Be3 Rg8 14. Qh6
Rg6 15. Qh4 Rg4 16. Qh3 d5 17. O-O-O Rd4 18. Qg3 Rxd1+ 19. Kxd1 Bg4+ 20. Kc1 d4
21. Bd2 O-O-O 22. Bd3 Re8 23. f3 Bd7 24. Qh4 Qe6 25. Kb1 c5 26. Re1 Qc6 27.
Rxe8+ Nxe8 28. Qe7 f5 29. Bg5 b5 30. a4 a6 31. g4 c4 32. Bxf5 Bxf5 33. gxf5 Qd7
34. Qc5+ Kb7 35. f6 d3 36. axb5 dxc2+ 37. Kxc2 axb5 38. Kc1 Nc7 39. Bf4 Na6 40.
Qe7 Kc6 41. Qe4+ Kb6 42. Be3+ Kc7 43. Qf4+ 1-0

[Event "21st European Teams"]
[Site "Hersonissos GRE"]
[Date "2017.10.29"]
[Round "2.13"]
[Board "4"]
[White "Diermair, Andreas"]
[Black "Guseinov, Gadir"]
[Result "0-1"]
[WhiteTitle "IM"]
[BlackTitle "GM"]
[WhiteElo "2488"]
[BlackElo "2647"]
[WhiteTeam "Austria"]
[BlackTeam "Azerbaijan"]
[WhiteFideId "1612468"]
[BlackFideId "13401378"]
[EventDate "2017.10.28"]

1. d4 g6 2. c4 Bg7 3. Nf3 d6 4. Nc3 Bg4 5. e3 Nf6 6. Be2 O-O 7. h3 Bf5 8. O-O
Ne4 9. Nxe4 Bxe4 10. Bd2 e5 11. dxe5 dxe5 12. Bb4 Re8 13. Qb3 a5 14. Rad1 Qf6
15. Ba3 a4 16. Qc3 Bc6 17. Qc2 Nd7 18. Bb4 Nf8 19. Bc3 Qe7 20. b4 axb3 21. axb3
Nd7 22. Ra1 Nc5 23. Rxa8 Rxa8 24. Qb2 Re8 25. Rd1 Ne4 26. Be1 Nc5 27. Bc3 b6 28.
Nd2 Rd8 29. Nf3 Re8 30. Nd2 Qg5 31. Bf3 e4 32. Be2 Bxc3 33. Qxc3 Nd7 34. b4 Ne5
35. b5 Bb7 36. Nb3 Nf3+ 37. Kf1 Nh2+ 38. Kg1 Nf3+ 39. Kf1 Nh4 40. g3 Nf3 41. Nd4
Rd8 42. Kg2 h5 43. Qa1 Ra8 44. Qb2 h4 45. Nxf3 exf3+ 46. Bxf3 Bxf3+ 47. Kxf3
hxg3 48. Rd5 Qh4 49. fxg3 Qxh3 50. Qe5 Qf1+ 51. Kg4 Qxc4+ 52. Kg5 Qe2 53. g4 Qf2
54. Rd2 Qxd2 55. Kh6 Kf8 56. Qh8+ Ke7 57. Qxa8 Qxe3+ 58. g5 Qe5 59. Qc8 Qd6 60.
Kg7 Qe5+ 61. Kg8 Kd6 62. Kxf7 Qxg5 63. Qe6+ Kc5 64. Qc6+ Kb4 65. Qxc7 Qf5+ 66.
Kg7 Kxb5 67. Qc3 g5 68. Qb3+ Kc6 69. Qc4+ Kb7 0-1

[Event "21st European Teams"]
[Site "Hersonissos GRE"]
[Date "2017.10.29"]
[Round "2.14"]
[Board "1"]
[White "Lenic, Luka"]
[Black "Rasmussen, Allan Stig"]
[Result "1-0"]
[WhiteTitle "GM"]
[BlackTitle "GM"]
[WhiteElo "2650"]
[BlackElo "2542"]
[WhiteTeam "Slovenia"]
[BlackTeam "Denmark"]
[WhiteFideId "14603853"]
[BlackFideId "1406000"]
[EventDate "2017.10.28"]

1. d4 Nf6 2. Nf3 d5 3. c4 e6 4. Nc3 Bb4 5. Qb3 c5 6. dxc5 Nc6 7. Bg5 Qa5 8. Bxf6
dxc4 9. Qxc4 gxf6 10. Rc1 Qxc5 11. Qf4 Ke7 12. g3 Qb6 13. Bg2 Bxc3+ 14. bxc3 Bd7
15. Nd2 Qa5 16. Ne4 Qe5 17. Qh4 h5 18. Rb1 Na5 19. O-O Rh6 20. Rfd1 Rg8 21. Bf3
Bc6 22. Nd6 Kf8 23. Qb4 Kg7 24. Bxc6 bxc6 25. Nxf7 Kxf7 26. Rd7+ Kg6 27. Rxa7
Qxe2 28. Qe7 Qxa2 29. Qf7+ Kf5 30. Re1 Rb8 31. c4 Qxc4 32. Rxa5+ Rb5 33. Ra3 Rb3
34. Ra5+ Rb5 35. Ra3 Rb3 36. Rxb3 Qxb3 37. Qg7 Rg6 38. Qh7 e5 39. Qxh5+ Rg5 40.
Qh7+ Ke6 41. Rc1 Kd6 42. Qe4 Qb5 43. Qf3 f5 44. h4 Rg4 45. Qxf5 Rd4 46. Qf6+ Kc7
47. Re1 Rd5 48. Qe7+ Kb6 49. Ra1 1-0

[Event "21st European Teams"]
[Site "Hersonissos GRE"]
[Date "2017.10.29"]
[Round "2.14"]
[Board "2"]
[White "Ochsner, Bjorn Moller"]
[Black "Beliavsky, Alexander G"]
[Result "1-0"]
[WhiteTitle "IM"]
[BlackTitle "GM"]
[WhiteElo "2458"]
[BlackElo "2547"]
[WhiteTeam "Denmark"]
[BlackTeam "Slovenia"]
[WhiteFideId "1416928"]
[BlackFideId "14602377"]
[EventDate "2017.10.28"]

1. e4 e5 2. Nf3 Nc6 3. Bb5 a6 4. Ba4 Nf6 5. O-O Be7 6. Re1 b5 7. Bb3 O-O 8. a4
b4 9. d4 d6 10. dxe5 dxe5 11. Bg5 Bg4 12. Qxd8 Raxd8 13. Nbd2 h6 14. Bh4 Na5 15.
h3 Nxb3 16. cxb3 Be6 17. Rac1 g5 18. Bg3 Bd6 19. Rc6 Nd7 20. Rxa6 Nc5 21. Ra5 f6
22. Rc1 Nd3 23. Rc2 Ra8 24. Rxa8 Rxa8 25. Nc4 Bxc4 26. Rxc4 Nxb2 27. Rc2 Nd1 28.
Nd2 Nc3 29. f3 Bc5+ 30. Kf1 Rd8 31. Be1 Ba7 32. Nc4 Rd1 33. Rd2 Rc1 34. Rd8+ Kf7
35. Rd7+ Kg6 36. Rxc7 Bd4 37. Nd6 h5 38. g4 Ne2 39. Rxc1 Nxc1 40. Bxb4 Nxb3 41.
a5 1-0

[Event "21st European Teams"]
[Site "Hersonissos GRE"]
[Date "2017.10.29"]
[Round "2.14"]
[Board "3"]
[White "Pavasovic, Dusko"]
[Black "Percivaldi, Martin"]
[Result "1/2-1/2"]
[WhiteTitle "GM"]
[BlackTitle "IM"]
[WhiteElo "2548"]
[BlackElo "2388"]
[WhiteTeam "Slovenia"]
[BlackTeam "Denmark"]
[WhiteFideId "14600986"]
[BlackFideId "1508148"]
[EventDate "2017.10.28"]

1. e4 e5 2. Nf3 Nc6 3. Bb5 a6 4. Ba4 Nf6 5. O-O Be7 6. Qe2 b5 7. Bb3 O-O 8. c3
d5 9. d3 Bb7 10. Nbd2 Re8 11. a3 Bf8 12. Rd1 Na5 13. Ba2 c5 14. b4 cxb4 15. axb4
Nc6 16. exd5 Nxd5 17. Ne4 Qd7 18. Bd2 Nf4 19. Bxf4 exf4 20. Qd2 Qf5 21. Nh4 Qg4
22. Nf3 Qf5 23. Nh4 Qg4 24. Nf3 Qf5 25. Nh4 Qg4 26. Nf3 Qf5 1/2-1/2

[Event "21st European Teams"]
[Site "Hersonissos GRE"]
[Date "2017.10.29"]
[Round "2.14"]
[Board "4"]
[White "Hansen, Mads"]
[Black "Skoberne, Jure"]
[Result "0-1"]
[WhiteTitle "IM"]
[BlackTitle "GM"]
[WhiteElo "2393"]
[BlackElo "2544"]
[WhiteTeam "Denmark"]
[BlackTeam "Slovenia"]
[WhiteFideId "1401610"]
[BlackFideId "14604299"]
[EventDate "2017.10.28"]

1. e4 e6 2. d4 d5 3. Nc3 Nf6 4. e5 Nfd7 5. f4 c5 6. Nf3 Nc6 7. Be3 cxd4 8. Nxd4
Bc5 9. Qd2 O-O 10. O-O-O a6 11. Kb1 Qc7 12. h4 b5 13. Nxc6 Qxc6 14. Ne2 b4 15.
Nd4 Qb6 16. h5 f6 17. Qe1 fxe5 18. fxe5 Nxe5 19. h6 g6 20. Nxe6 Bxe3 21. Nxf8 d4
22. Qg3 Qf6 23. Bc4+ Nxc4 24. Nxh7 Kxh7 25. Qc7+ Kh8 26. Qxc4 Bf5 27. Rdf1 Qe7
28. g4 Rc8 29. Qxa6 Bxc2+ 30. Ka1 Rd8 31. Qc4 b3 32. Rf7 Ra8 33. Qxb3 Bxb3 34.
Rxe7 Bxa2 35. b3 Bxb3+ 36. Kb2 Rb8 37. Ra1 Bd1+ 38. Ka3 Ra8+ 39. Kb2 Rxa1 40.
Kxa1 Bxh6 41. Ka2 d3 0-1

[Event "21st European Teams"]
[Site "Hersonissos GRE"]
[Date "2017.10.29"]
[Round "2.15"]
[Board "1"]
[White "Nyback, Tomi"]
[Black "Ferreira, Jorge Viterbo"]
[Result "1/2-1/2"]
[WhiteTitle "GM"]
[BlackTitle "IM"]
[WhiteElo "2572"]
[BlackElo "2499"]
[WhiteTeam "Finland"]
[BlackTeam "Portugal"]
[WhiteFideId "503142"]
[BlackFideId "1910850"]
[EventDate "2017.10.28"]

1. d4 Nf6 2. c4 e6 3. g3 d5 4. Nf3 dxc4 5. Bg2 a6 6. O-O Nc6 7. Bg5 Be7 8. e3
O-O 9. Nfd2 Na5 10. Qa4 c5 11. dxc5 Bd7 12. Qa3 Rc8 13. Bxf6 gxf6 14. Ne4 b6 15.
Qc3 f5 16. cxb6 Nb7 17. Ned2 Bf6 18. Qc2 Qxb6 19. Nc3 Nd6 20. Rfd1 Rfd8 21. Rab1
Bc6 22. Bxc6 Qxc6 23. Ne2 Nb5 24. Rbc1 c3 25. bxc3 Nxc3 26. Nxc3 Qxc3 27. Qb1
Qb2 28. Rxc8 Rxc8 29. Qxb2 Bxb2 30. Nb3 Ba3 1/2-1/2

[Event "21st European Teams"]
[Site "Hersonissos GRE"]
[Date "2017.10.29"]
[Round "2.15"]
[Board "2"]
[White "Fernandes, Antonio"]
[Black "Karttunen, Mika"]
[Result "1-0"]
[WhiteTitle "GM"]
[BlackTitle "IM"]
[WhiteElo "2442"]
[BlackElo "2465"]
[WhiteTeam "Portugal"]
[BlackTeam "Finland"]
[WhiteFideId "1900021"]
[BlackFideId "502081"]
[EventDate "2017.10.28"]

1. d4 Nf6 2. Nf3 g6 3. g3 Bg7 4. Bg2 O-O 5. O-O d6 6. c4 c6 7. Nc3 Bf5 8. Bf4
Qb6 9. Qd2 Ne4 10. Nxe4 Bxe4 11. Rad1 d5 12. b3 a5 13. Bh6 a4 14. c5 Qb5 15. b4
a3 16. Bxg7 Kxg7 17. Nh4 Bxg2 18. Kxg2 Nd7 19. Nf3 e6 20. Qd3 Ra4 21. Qxb5 cxb5
22. Rb1 Re8 23. Rfd1 Nb8 24. Ne1 Nc6 25. Nc2 b6 26. cxb6 Rb8 27. Rd3 Rxb6 28. e3
Rba6 29. Rc3 Kf6 30. Rbb3 Rb6 31. Rc5 Ke7 32. Kf3 Kd7 33. Ke2 Rb8 34. Kd2 h5 35.
Kc3 Ra6 36. Rxa3 Rab6 37. h4 Kd6 38. Kd2 Kd7 39. Kc3 Nd8 40. Kd3 Nb7 41. Ra7 Kd8
42. Rc3 Rd6 43. Na3 Rb6 44. f3 Rc8 45. Rxc8+ Kxc8 46. Ra8+ Kd7 47. Nb1 Ke7 48.
Nc3 Kf6 49. e4 dxe4+ 50. fxe4 Ke7 51. e5 f6 52. Ne4 fxe5 53. dxe5 Rc6 54. Rg8
Nd8 55. Nc5 Rb6 56. Ke4 Rb8 57. Rg7+ Ke8 58. Rxg6 Kf7 59. Rh6 Kg7 60. Rf6 Ra8
61. Nxe6+ Nxe6 62. Rxe6 Ra4 63. Kf5 Rxb4 64. Rg6+ Kf8 65. Kg5 Ra4 66. Kxh5 Rxa2
67. Rb6 Rb2 68. g4 Ke7 69. Kg6 Kd7 70. e6+ Kc7 71. e7 Kd7 72. Rb7+ Ke8 73. h5 b4
74. h6 b3 75. h7 1-0

[Event "21st European Teams"]
[Site "Hersonissos GRE"]
[Date "2017.10.29"]
[Round "2.15"]
[Board "3"]
[White "Ebeling, Daniel"]
[Black "Sousa, Andre Ventura"]
[Result "1/2-1/2"]
[WhiteTitle "IM"]
[BlackTitle "IM"]
[WhiteElo "2465"]
[BlackElo "2405"]
[WhiteTeam "Finland"]
[BlackTeam "Portugal"]
[WhiteFideId "505170"]
[BlackFideId "1917617"]
[EventDate "2017.10.28"]

1. Nf3 d5 2. c4 e6 3. d4 Nf6 4. Nc3 Bb4 5. Bg5 dxc4 6. e4 c5 7. Bxc4 cxd4 8.
Nxd4 Qa5 9. Bd2 Qc5 10. Bb5+ Bd7 11. Nb3 Qe7 12. Bd3 Nc6 13. O-O O-O 14. a3 Bd6
15. f4 e5 16. f5 Nd4 17. Bg5 Bc6 18. Bc4 Qd8 19. Nd5 Bxd5 20. Bxd5 Be7 21. Bxf6
Bxf6 22. Rc1 Rc8 23. Rxc8 Qxc8 24. Qd3 b6 25. Rc1 Qd7 26. Nxd4 exd4 27. Rc6 Be5
28. g3 Qe7 29. Kg2 Kh8 30. Qd2 Rd8 31. h4 Kg8 32. Qd3 Kf8 33. Qf3 Rd6 34. Rc8+
Rd8 35. Rc6 Rd6 36. Rc8+ Rd8 37. Rc4 g6 38. Rc6 Rd6 39. Rxd6 Bxd6 40. fxg6 hxg6
41. h5 gxh5 42. Qxh5 Qf6 43. Qf3 Ke7 1/2-1/2

[Event "21st European Teams"]
[Site "Hersonissos GRE"]
[Date "2017.10.29"]
[Round "2.15"]
[Board "4"]
[White "Silva, Luis Neves Da"]
[Black "Niemi, Kalle"]
[Result "1-0"]
[WhiteTitle "FM"]
[BlackTitle "FM"]
[WhiteElo "2355"]
[BlackElo "2324"]
[WhiteTeam "Portugal"]
[BlackTeam "Finland"]
[WhiteFideId "1919121"]
[BlackFideId "504378"]
[EventDate "2017.10.28"]

1. Nf3 Nf6 2. c4 e6 3. g3 d5 4. d4 dxc4 5. Bg2 Bd7 6. Ne5 Bc6 7. Nxc6 Nxc6 8.
O-O Qd7 9. e3 Rd8 10. Qe2 e5 11. Qxc4 exd4 12. Bxc6 bxc6 13. exd4 Be7 14. Nc3
O-O 15. Bf4 Qh3 16. Qxc6 Rxd4 17. Qg2 Qd7 18. Rfd1 c5 19. Be3 Rxd1+ 20. Rxd1 Qc7
21. Qf1 Qc6 22. Qc4 Rb8 23. b3 Rb4 24. Nd5 Nxd5 25. Qxd5 Qxd5 26. Rxd5 Rb7 27.
Bxc5 Bxc5 28. Rxc5 g6 29. g4 Kg7 30. Kg2 Kf6 31. f4 Rd7 32. Rc6+ Kg7 33. Ra6 h6
34. Kf3 Re7 35. b4 Rc7 36. a3 Rc3+ 37. Ke4 Rc4+ 38. Ke5 Rc7 39. Kd6 Rb7 40. h4
h5 41. g5 Kf8 42. Rc6 Rb5 43. Rc5 Rb7 44. Kc6 Rb6+ 45. Kc7 Re6 46. Re5 1-0

[Event "21st European Teams"]
[Site "Hersonissos GRE"]
[Date "2017.10.29"]
[Round "2.16"]
[Board "1"]
[White "Godart, Francois"]
[Black "Pelletier, Yannick"]
[Result "0-1"]
[WhiteTitle "IM"]
[BlackTitle "GM"]
[WhiteElo "2397"]
[BlackElo "2540"]
[WhiteTeam "Belgium"]
[BlackTeam "Switzerland"]
[WhiteFideId "208078"]
[BlackFideId "1301837"]
[EventDate "2017.10.28"]

1. d4 Nf6 2. Nf3 e6 3. e3 c5 4. Bd3 d5 5. b3 Nc6 6. O-O Be7 7. a3 O-O 8. dxc5 e5
9. Bb5 e4 10. Nd4 Qc7 11. Nxc6 bxc6 12. Be2 Qe5 13. Qd4 Qg5 14. f4 exf3 15. Bxf3
Nd7 16. Qg4 Qe5 17. Qd4 Bxc5 18. Qxe5 Nxe5 19. Nc3 Re8 20. Na4 Nxf3+ 21. Rxf3
Bd6 22. h3 Ba6 23. Kf2 c5 24. Bb2 Bb7 25. Re1 d4 26. Rf5 Be4 27. Rg5 f6 28. Rh5
g6 29. Rxc5 Bxc5 30. Nxc5 dxe3+ 31. Rxe3 Bxc2 32. Bxf6 Rxe3 33. Kxe3 Re8+ 34.
Kd2 Be4 35. Nxe4 Rxe4 36. Kd3 Rf4 37. Bd4 a6 38. b4 Kf7 39. a4 Ke6 40. Kc4 Kd6
41. b5 axb5+ 42. axb5 Re4 43. g3 Re1 44. Bc5+ Kd7 45. Kd5 Rb1 46. b6 Rb3 47. Bf2
Rf3 48. Be1 Rf5+ 49. Ke4 Kc6 50. g4 Rf1 51. Ba5 Rh1 52. Kf4 Rxh3 53. Kg5 Kd5 54.
Bd2 Ke4 55. Kf6 Rb3 56. Bh6 Rxb6+ 57. Kg7 Rb7+ 58. Kg8 Kf3 59. g5 Kg4 60. Kh8
Kh5 61. Kg8 Rb5 62. Kxh7 Rxg5 0-1

[Event "21st European Teams"]
[Site "Hersonissos GRE"]
[Date "2017.10.29"]
[Round "2.16"]
[Board "2"]
[White "Bogner, Sebastian"]
[Black "Beukema, Stefan"]
[Result "0-1"]
[WhiteTitle "GM"]
[BlackTitle "IM"]
[WhiteElo "2599"]
[BlackElo "2378"]
[WhiteTeam "Switzerland"]
[BlackTeam "Belgium"]
[WhiteFideId "4692055"]
[BlackFideId "1024523"]
[EventDate "2017.10.28"]

1. e4 e5 2. Nf3 Nc6 3. Bb5 a6 4. Ba4 Nf6 5. O-O Be7 6. d3 b5 7. Bb3 d6 8. a3 O-O
9. Nc3 Na5 10. Ba2 c5 11. b4 Nc6 12. Nd5 Be6 13. c3 Rc8 14. Be3 Ng4 15. Bd2 Re8
16. Re1 h6 17. h3 Nf6 18. Nh4 Bxd5 19. exd5 Nb8 20. Nf5 Bf8 21. Qf3 Nbd7 22.
bxc5 Nxc5 23. d4 exd4 24. Rxe8 Qxe8 25. Nxd4 Nce4 26. Be1 Rc5 27. Rd1 Nxd5 28.
Ne2 Ndf6 29. Nf4 Rf5 30. Qe3 d5 31. Nxd5 Bc5 32. Nxf6+ Rxf6 33. Qe2 Rxf2 34.
Bxf2 Bxf2+ 35. Qxf2 Nxf2 36. Kxf2 Qe7 37. a4 Qc5+ 38. Kf1 Qxc3 39. axb5 axb5 40.
Bd5 b4 0-1

[Event "21st European Teams"]
[Site "Hersonissos GRE"]
[Date "2017.10.29"]
[Round "2.16"]
[Board "3"]
[White "Claesen, Pieter"]
[Black "Kurmann, Oliver"]
[Result "0-1"]
[WhiteTitle "IM"]
[BlackTitle "IM"]
[WhiteElo "2316"]
[BlackElo "2481"]
[WhiteTeam "Belgium"]
[BlackTeam "Switzerland"]
[WhiteFideId "200727"]
[BlackFideId "1308173"]
[EventDate "2017.10.28"]

1. c4 e5 2. Nc3 Bb4 3. Nd5 Bc5 4. b4 Bf8 5. Bb2 c6 6. Ne3 Bxb4 7. Bxe5 Nf6 8.
Nf3 O-O 9. g3 d6 10. Bb2 Na6 11. Bg2 Nc5 12. O-O Re8 13. Qc2 Nfe4 14. d3 Nf6 15.
Nd4 Bd7 16. Ndf5 Bxf5 17. Nxf5 Ne6 18. Rab1 Bc5 19. e4 g6 20. Nxd6 Bxd6 21. e5
Bc5 22. exf6 Rb8 23. Rfe1 Bd4 24. Bxd4 Nxd4 25. Rxe8+ Qxe8 26. Qd2 Qe5 27. Re1
Qxf6 28. Qa5 Nc2 29. Qxa7 Rd8 30. Rd1 Rd7 31. Be4 Re7 32. Qc5 Nd4 33. Kg2 Rxe4 0-1

[Event "21st European Teams"]
[Site "Hersonissos GRE"]
[Date "2017.10.29"]
[Round "2.16"]
[Board "4"]
[White "Jenni, Florian"]
[Black "Dardha, Arben"]
[Result "1/2-1/2"]
[WhiteTitle "GM"]
[BlackTitle "FM"]
[WhiteElo "2466"]
[BlackElo "2279"]
[WhiteTeam "Switzerland"]
[BlackTeam "Belgium"]
[WhiteFideId "1304232"]
[BlackFideId "4700481"]
[EventDate "2017.10.28"]

1. Nf3 c5 2. b3 d6 3. g3 Nc6 4. Bg2 e5 5. O-O g6 6. c4 Bg7 7. Bb2 Nge7 8. Nc3
Be6 9. Ng5 Bc8 10. a3 h6 11. Nf3 Be6 12. d3 O-O 13. Rb1 a5 14. e3 Qd7 15. Re1
Rab8 16. d4 exd4 17. exd4 Nxd4 18. Nxd4 cxd4 19. Nb5 Nc6 20. Nxd4 Nxd4 21. Bxd4
b5 22. Bxg7 Kxg7 23. Qd4+ Kh7 24. Bd5 Rfe8 25. Bxe6 Rxe6 26. Rxe6 Qxe6 27. Qa7
Qe8 28. Qxa5 bxc4 29. Re1 Qc6 30. bxc4 Qxc4 31. Qa7 Rb2 32. Qe7 Qd5 33. Qf6 Rd2
34. h4 Rd1 35. Rxd1 Qxd1+ 36. Kh2 Kg8 37. Qf4 d5 38. a4 Qa1 39. Qb8+ Kg7 40. Qb5
Qd4 41. Kg1 Qe4 42. a5 d4 43. a6 d3 44. Qb2+ Kh7 45. Qa2 Kg7 46. a7 Qd4 47. a8=Q
d2 48. Q2a3 d1=Q+ 49. Kg2 Qd5+ 50. Qxd5 Qxd5+ 1/2-1/2

[Event "21st European Teams"]
[Site "Hersonissos GRE"]
[Date "2017.10.29"]
[Round "2.17"]
[Board "1"]
[White "Steingrimsson, Hedinn"]
[Black "Mehmeti, Dritan"]
[Result "1-0"]
[WhiteTitle "GM"]
[BlackTitle "IM"]
[WhiteElo "2576"]
[BlackElo "2428"]
[WhiteTeam "Iceland"]
[BlackTeam "Albania"]
[WhiteFideId "2300117"]
[BlackFideId "4700600"]
[EventDate "2017.10.28"]

1. d4 Nf6 2. Nf3 c5 3. d5 e6 4. Nc3 exd5 5. Nxd5 Nc6 6. e4 d6 7. Bc4 Be7 8. O-O
O-O 9. Bf4 Nxd5 10. Bxd5 Bg4 11. h3 Bh5 12. g4 Bg6 13. c3 Qd7 14. Kg2 Rfe8 15.
Re1 h5 16. g5 Nd8 17. Nh4 Ne6 18. Nxg6 fxg6 19. Be3 Kh7 20. f4 Nc7 21. Bb3 Qc6
22. Qf3 Bf8 23. f5 Qxe4 24. fxg6+ Kh8 25. Bf7 Qxf3+ 26. Kxf3 Re7 27. Bf4 Rxf7
28. gxf7 g6 29. Rad1 Rd8 30. Be5+ Kh7 31. Kg2 b5 32. h4 a5 33. b3 a4 34. bxa4
bxa4 35. c4 a3 36. Re3 Rd7 37. Rxa3 Rxf7 38. Bxd6 Rd7 39. Rad3 Ne6 40. Be5 1-0

[Event "21st European Teams"]
[Site "Hersonissos GRE"]
[Date "2017.10.29"]
[Round "2.17"]
[Board "2"]
[White "Pasko, Llambi"]
[Black "Gretarsson, Hjorvar Steinn"]
[Result "1/2-1/2"]
[BlackTitle "GM"]
[WhiteElo "2292"]
[BlackElo "2567"]
[WhiteTeam "Albania"]
[BlackTeam "Iceland"]
[WhiteFideId "4701178"]
[BlackFideId "2302241"]
[EventDate "2017.10.28"]

1. d4 d5 2. c4 e6 3. Nc3 a6 4. cxd5 exd5 5. Nf3 c6 6. Bf4 Bd6 7. Be5 Nf6 8. e3
O-O 9. Be2 Bg4 10. Bxd6 Qxd6 11. h3 Bf5 12. Bd3 Bg6 13. Ne5 Nbd7 14. Nxg6 hxg6
15. O-O Rfe8 16. Rc1 b5 17. Qc2 Rac8 18. a4 b4 19. Ne2 c5 20. dxc5 Nxc5 21. Nd4
Rc7 22. Qd2 Qb6 23. Rfd1 Rec8 24. Ra1 Nfd7 25. Qe2 Ne5 26. Bb1 Qb7 27. f4 Ned7
28. f5 g5 29. Qh5 Nf6 30. Qxg5 Re8 31. Bd3 Qb6 32. Qf4 Nxd3 33. Rxd3 Rc4 34.
Rad1 Ne4 35. Qf3 Qf6 36. b3 Rc7 37. Ne2 Nc3 38. R1d2 Re5 39. Nd4 Rce7 40. Rf2
Re8 41. g4 Qh6 42. Qf4 Rxe3 43. Rxe3 Rxe3 44. Qxh6 gxh6 45. Rf3 Re1+ 46. Kg2 Ne4
47. Nc6 Re2+ 48. Kg1 Nc5 49. f6 Kh7 50. Rf5 Nxb3 51. Rxd5 a5 52. Kf1 Rc2 53. Ne5
Nc5 54. Rd8 Ne4 55. Rd7 Rf2+ 56. Ke1 Rxf6 57. Rxf7+ Rxf7 58. Nxf7 b3 59. Kd1
Nc3+ 60. Kc1 Nxa4 61. Nd6 Nc5 62. Kb2 a4 63. Nc4 Kg6 64. h4 Kf7 65. Ka3 Ke6 66.
Kb4 Kd5 67. g5 h5 68. g6 Ne6 69. Nb6+ Ke4 70. Nxa4 Kf4 71. Kxb3 Kg4 72. Kc3 Kxh4
73. Kd2 Kg3 74. Ke3 h4 75. Nc5 Ng7 76. Ne4+ Kg2 77. Ng5 Kg3 78. Ne4+ Kg4 79.
Nf2+ Kf5 80. Kf3 Ne6 81. Nh3 Kxg6 82. Kg4 Kf6 83. Kxh4 Ng5 1/2-1/2